01161nam a2200325 a 4500001001000000003000900010005001700019007000300036008003800039020001500077040003000092049000600122082002000128245012800148264006100276300002900337336002700366337003300393338002800426490003500454590002600489650004500515650002400560650002600584700003900610910004100649942001200690952011600702999001700818000024434DO-SdBPM20260218104931.0ta110127s1996 xxu r 000 | spa d a9568114394 aDO-SdBPMcBPMSUbspadrda a  4a306b C352m22200aMagister en ciencias sociales :b Métodos integrados /cAlejandro Castillo ; Coordinador Emilio Gautier C... [y otros ]  a[sin lugar :bSociedad Educional La Araucana , c[200-?] a204 páginas ;c22 cm. atextobtxt2rdacontent asin mediaciónbn2rdamedia avolumenbnc2rdacarrier0 aMagister en ciencias Sociales  aInventariado, 2026/VM 7aAnálisis del discurso xMetodología  7aLenguaje y cultura  7aSociolingüística 1 aGautier C., Emilio e coordinador  aVMateo V. Control de calidad. BPMSU  2ddccBK 00102ddc708CR-GaBPMETbBPMETd2026-02-18l0oBPMSU CG 306 C352mpBPMSU26020113r2026-02-18w2026-02-18yBK c15713d15713